Aristotle : (Record no. 5634)

MARC details
000 -LEADER
fixed length control field 01397cam a2200229 4500
001 - CONTROL NUMBER
control field 6685
010 ## - LIBRARY OF CONGRESS CONTROL NUMBER
LC control number 2001268265
020 ## - INTERNATIONAL STANDARD BOOK NUMBER
International Standard Book Number 9780192854087
100 1# - MAIN ENTRY--PERSONAL NAME
Personal name Barnes, Jonathan,
Dates associated with a name 1942-
245 10 - TITLE STATEMENT
Title Aristotle :
Remainder of title a very short introduction /
Statement of responsibility, etc. Jonathan Barnes
264 #1 - PRODUCTION, PUBLICATION, DISTRIBUTION, MANUFACTURE, AND COPYRIGHT NOTICE
Place of production, publication, distribution, manufacture Oxford ;
-- New York :
Name of producer, publisher, distributor, manufacturer Oxford University Press,
Date of production, publication, distribution, manufacture, or copyright notice 2000
300 ## - PHYSICAL DESCRIPTION
Extent 160 pages :
Other physical details illustrations, map ;
Dimensions 18 cm
336 ## - CONTENT TYPE
Content type term text
Content type code txt
Source rdacontent
337 ## - MEDIA TYPE
Media type term unmediated
Media type code n
Source rdamedia
338 ## - CARRIER TYPE
Carrier type term volume
Carrier type code nc
Source rdacarrier
490 1# - SERIES STATEMENT
Series statement Very short introductions ;
Volume/sequential designation 32
504 ## - BIBLIOGRAPHY, ETC. NOTE
Bibliography, etc. note Includes bibliographical references (pages 153-156) and index
505 0# - FORMATTED CONTENTS NOTE
Formatted contents note The man and his work -- A public figure -- Zoological researches -- Collecting facts -- The philosophical background -- The structure of the sciences -- Logic -- Knowledge -- Ideal and achievement -- Reality -- Change -- Causes -- Empiricism -- Aristotle's world-picture -- Psychology -- Evidence and theory -- Teleology -- Practical philosophy -- The arts -- Afterlife -- Chronological table
520 ## - SUMMARY, ETC.
Summary, etc. ""Jonathan Barnes examines Aristotle's scientific researches, his discoveries in logic and his metaphysical theories, his work in psychology and in ethics and politics, and his ideas about art and poetry, placing his teachings in their historical context.""--Publisher description
600 00 - SUBJECT ADDED ENTRY--PERSONAL NAME
Linkage 880-01
Personal name Aristotle
830 #0 - SERIES ADDED ENTRY--UNIFORM TITLE
Uniform title Very short introductions ;
Volume/sequential designation 32
Holdings
Withdrawn status Lost status Source of classification or shelving scheme Damaged status Not for loan Collection code Home library Current library Shelving location Date acquired Serial Enumeration / chronology Inventory number Total Checkouts Total Renewals Full call number Barcode Date last seen Date last checked out Price effective from Koha item type
    Dewey Decimal Classification     Main TEST RTC Library RTC Library Main opac 27/11/2018 10383 2 2 185 BAR 30010198 08/06/2019 24/05/2019 27/11/2018 Main
Royal Thimphu College || All Right Reserved